00671nam a2200205Ia 4500003000400000008004100004020002300045040000800068100002200076245008900098260005300187300001300240365001200253901002000265902003600285903001600321942001200337952009900349999001700448LDD181029s9999 xx 000 0 und d a335193501cP 13.99 cLDD aGOODLAD, Sinclair 4aThe Quest for qualitybsixteen forms of Heresy in higher educationcSinclair GOODLAD aBuckinghambSRHE and Open University Pressc1995 aix,123p. bP 13.99 a206b31-01-1996 a00482b14-02-1996cFdCONTIe37 aDiscount-10 2ddccBK 00102ddc4070951575aLDDbLDDl0o378.001 G619Qp034898r2018-11-01v815.61w2018-11-01yBK c51576d51576